Les joueurs de football 70's - Statistiques

Statistiques générales
  • Ce quiz a été pris 68 fois
  • Le résultat moyen est 10 sur 18
Statistiques - réponses
Par images Réponse % Correct
Franz Beckenbauer
97%
Eusebio
95%
Georges Best
95%
Johan Cruyff
95%
Sócrates
89%
Marius Trésor
84%
Gerd Müller
73%
Dino Zoff
72%
Jairzinho
69%
Bobby Moore
53%
Gordon Banks
30%
Jean Djorkaeff
30%
Kevin Keegan
30%
Henri Michel
27%
Carlos Bianchi
20%
Josip Skoblar
9%
Georges Bereta
8%
Jupp Heynckes
6%
Aucun quiz correspondant
Distribution des résultats
% des personnes avec chaque résultat
Percentile par nombre de réponses
Votre historique - résultats
Vous n’avez pas pris ce quiz